[Event "Poitou Charentes"]
[Site "Poitou Charentes"]
[Date "2003.09.11"]
[Round "6"]
[White "Monteau, Luc"]
[Black "Bedouin, Xavier"]
[Result "0-1"]
[WhiteElo "2231"]
[BlackElo "2229"]
[PlyCount "66"]
[EventDate "2003.09.06"]
[EventType "tourn"]
[EventRounds "9"]
[EventCountry "FRA"]
[EventCategory "4"]
[SourceTitle "CBM 096 Extra"]
[Source "ChessBase"]
[SourceDate "2003.10.22"]
[SourceVersion "2"]
[SourceVersionDate "2003.10.20"]
[SourceQuality "1"]

1. d4 Nf6 2. c4 g6 3. Nc3 Bg7 4. e4 0-0 5. Be2 c6 6. Bg5 d5 7. Bxf6 Bxf6 8. e5 Bg7 9. f4 Qb6 10. Qd2 dxc4 11. Bxc4 Rd8 12. 0-0-0 Bg4 13. Nge2 a5 14. h3 Bxe2 15. Bxe2 Na6 16. Qe3 Nb4 17. f5 a4 18. Rhf1 a3 19. b3 Nd5 20. Nxd5 Rxd5 21. fxg6 Rxe5 22. Qf3 Rd5 23. Qxf7+ Kh8 24. Qxe7 Rxd4 25. Bd3 Qa5 26. Qe1 Qc5+ 27. Kb1 Qd6 28. Qe3 b5 29. Bc2 Rxd1+ 30. Bxd1 c5 31. Bc2 c4 32. Rf7 cxb3 33. Bxb3 Qxg6+ 0-1

[Event "Creon op 8th"]
[Site "Creon"]
[Date "2003.08.01"]
[Round "7"]
[White "Vajda, Szidonia"]
[Black "Monteau, Luc"]
[Result "1-0"]
[WhiteElo "2403"]
[BlackElo "2231"]
[PlyCount "73"]
[EventDate "2003.07.28"]
[EventType "swiss"]
[EventRounds "9"]
[EventCountry "FRA"]
[SourceTitle "CBM 095 Extra"]
[Source "ChessBase"]
[SourceDate "2003.09.04"]
[SourceVersion "1"]
[SourceVersionDate "2003.09.04"]
[SourceQuality "1"]

1. e4 c5 2. Nf3 d6 3. d4 cxd4 4. Nxd4 Nf6 5. f3 e6 6. c4 Be7 7. Be2 0-0 8. Be3 b6 9. Nc3 Bb7 10. Nc2 Nbd7 11. 0-0 Re8 12. Kh1 a6 13. Qd2 Qc7 14. Rac1 Rad8 15. Bg1 Ne5 16. Ne3 Ng6 17. Rfd1 Qb8 18. Bf1 d5 19. exd5 Nf4 20. Qc2 exd5 21. Nexd5 N6xd5 22. Nxd5 Nxd5 23. cxd5 Bg5 24. Ra1 b5 25. a4 Re5 26. axb5 axb5 27. Bxb5 Bxd5 28. Bc4 Rc8 29. b3 Bf6 30. Re1 Rh5 31. Rad1 Ba8 32. Rd7 Rf8 33. Bxf7+ Rxf7 34. Qc4 Bd5 35. Rxd5 Rh4 36. Rb5 Qd8 37. Qe6 1-0

[Event "FRA-chT2"]
[Site "France"]
[Date "2002.03.??"]
[Round "11.4"]
[White "Pasquier, Thomas"]
[Black "Monteau, Luc"]
[Result "1/2-1/2"]
[WhiteElo "2261"]
[BlackElo "2170"]
[PlyCount "37"]
[EventDate "2002.??.??"]
[EventType "team-tourn"]
[EventRounds "11"]
[EventCountry "FRA"]
[SourceTitle "EXT 2003"]
[Source "ChessBase"]
[SourceDate "2002.11.25"]
[SourceVersion "1"]
[SourceVersionDate "2002.11.25"]
[SourceQuality "1"]

1. e4 c5 2. Nf3 d6 3. d4 cxd4 4. Nxd4 Nf6 5. Nc3 a6 6. Be3 e6 7. f3 b5 8. g4 Bb7 9. Qd2 Nfd7 10. Bd3 Nb6 11. Qf2 N8d7 12. 0-0-0 Rc8 13. Kb1 Rxc3 14. bxc3 Be7 15. h4 Na4 16. Ne2 Qc7 17. g5 d5 18. h5 Ba3 19. Bc1 1/2-1/2

[Event "Saint Affrique op 10th"]
[Site "Saint Affrique"]
[Date "2002.??.??"]
[Round "3"]
[White "Lazarev, Vladimir"]
[Black "Monteau, Luc"]
[Result "1-0"]
[WhiteElo "2461"]
[BlackElo "2170"]
[PlyCount "55"]
[EventDate "2002.07.20"]
[EventType "swiss"]
[EventRounds "9"]
[EventCountry "FRA"]
[SourceTitle "EXT 2003"]
[Source "ChessBase"]
[SourceDate "2002.11.25"]
[SourceVersion "1"]
[SourceVersionDate "2002.11.25"]
[SourceQuality "1"]

1. d4 d5 2. c4 c6 3. Nc3 Nf6 4. e3 g6 5. Nf3 Bg7 6. Be2 0-0 7. 0-0 a6 8. a4 Bg4 9. Qb3 Ra7 10. a5 e6 11. Rd1 Re8 12. h3 Bf5 13. Bd2 Nbd7 14. Be1 Bf8 15. Nh4 Be4 16. Nf3 dxc4 17. Qxc4 Bd5 18. Qd3 c5 19. Nxd5 exd5 20. dxc5 Nxc5 21. Qc2 Ra8 22. Bc3 Nce4 23. Bd4 Bd6 24. Qb3 Qe7 25. Nd2 Rad8 26. Nf1 Bb8 27. Rac1 Qd6 28. Qxb7 1-0

[Event "FRA-chT2"]
[Site "France"]
[Date "2001.12.??"]
[Round "4"]
[White "Monteau, Luc"]
[Black "Figeac, Aurelien"]
[Result "1-0"]
[WhiteElo "2175"]
[BlackElo "2161"]
[PlyCount "63"]
[EventDate "2002.??.??"]
[EventType "team-tourn"]
[EventRounds "11"]
[EventCountry "FRA"]
[SourceTitle "EXT 2003"]
[Source "ChessBase"]
[SourceDate "2002.11.25"]
[SourceVersion "1"]
[SourceVersionDate "2002.11.25"]
[SourceQuality "1"]

1. e4 e6 2. d4 d5 3. Nc3 Bb4 4. e5 Bf8 5. f4 b6 6. Qf3 Nh6 7. Be3 Nf5 8. 0-0-0 h5 9. g3 Ba6 10. Bg2 Nd7 11. Bf2 c6 12. h3 g6 13. g4 Ng7 14. Qe3 b5 15. Nf3 Be7 16. Kb1 Nb6 17. Qe1 b4 18. Ne2 Nc4 19. Nc1 Qb6 20. Bh4 hxg4 21. hxg4 Bxh4 22. Rxh4 0-0-0 23. Rxh8 Rxh8 24. Qf2 Ne8 25. Ng5 Rf8 26. f5 gxf5 27. gxf5 exf5 28. Qxf5+ Kb8 29. Qf4 Nc7 30. e6 f6 31. Nh7 Re8 32. Nxf6 1-0

[Event "Saint Affrique op 09th"]
[Site "Saint Affrique"]
[Date "2001.07.26"]
[Round "7.10"]
[White "Monteau, Luc"]
[Black "Saucey, Michel"]
[Result "1/2-1/2"]
[WhiteElo "2164"]
[BlackElo "2331"]
[PlyCount "49"]
[EventDate "2001.07.??"]
[EventType "swiss"]
[EventRounds "9"]
[EventCountry "FRA"]
[SourceTitle "EXT 2003"]
[Source "ChessBase"]
[SourceDate "2002.11.25"]
[SourceVersion "1"]
[SourceVersionDate "2002.11.25"]
[SourceQuality "1"]

1. e4 g6 2. d4 Bg7 3. Nc3 d6 4. Be3 a6 5. Qd2 b5 6. h4 h5 7. Nf3 Nd7 8. 0-0-0 Bb7 9. Ng5 e6 10. f3 Ne7 11. Ne2 Nb6 12. Nf4 Qd7 13. Kb1 d5 14. Be2 Nc4 15. Bxc4 bxc4 16. Rhe1 Rb8 17. c3 Bc8 18. Bf2 c6 19. g4 hxg4 20. fxg4 Bh6 21. Nf3 Rb5 22. g5 Bg7 23. Re3 dxe4 24. Rxe4 Qb7 25. Qe2 1/2-1/2